| 000 | 00835cam a22002777a 4500 | ||
|---|---|---|---|
| 003 | CHAP | ||
| 005 | 20220329140923.0 | ||
| 008 | 971013s1994 r 00010 d | ||
| 010 | _a59843 | ||
| 011 | _a60815 | ||
| 035 | _a64978 | ||
| 040 | _cCHAP | ||
| 082 |
_a574.503 _bC65 |
||
| 245 | 1 | 4 | _aThe Concise Oxford Dictionary of Ecology |
| 260 |
_aOxford : _bOxford University, _c1994 |
||
| 300 | _a415 p. | ||
| 590 |
_aBATCH-UPD _b10 _c20130110 _lUCH01 _h2235 |
||
| 590 |
_aBATCH-UPD _b10 _c20130410 _lUCH01 _h1530 |
||
| 590 |
_aBATCH-UPD _b10 _c20130914 _lUCH01 _h1228 |
||
| 590 |
_aCONVERSION _b10 _c20130109 _lUCH01 _h1332 |
||
| 650 | 1 | 4 |
_aEcologĂa _xDiccionarios. _935139 |
| 700 | 0 |
_aAllaby, Michael _eed. _94359 |
|
| 901 | _aBK | ||
| 942 | _cLIBRO | ||
| 949 |
_a574.503 C65 _bBC _cC _d33724000091682 _eC _gI.181849 _h90346 _i64978 _si _t121.00 |
||
| 999 |
_c59843 _d59843 |
||